Korean Social Science Journal (Record no. 9782)
[ view plain ]
| 000 -LEADER | |
|---|---|
| fixed length control field | 00581cas a2200157 4500 |
| 008 - FIXED-LENGTH DATA ELEMENTS--GENERAL INFORMATION | |
| fixed length control field | 150826n eng u |
| 022 ## - INTERNATIONAL STANDARD SERIAL NUMBER | |
| International Standard Serial Number | 12250368 |
| 035 ## - SYSTEM CONTROL NUMBER | |
| System control number | (Sirsi) a191794 |
| 050 ## - LIBRARY OF CONGRESS CALL NUMBER | |
| Classification number | KJ1.K6S6J6 |
| 245 ## - TITLE STATEMENT | |
| Title | Korean Social Science Journal |
| 260 ## - PUBLICATION, DISTRIBUTION, ETC. | |
| Place of publication, distribution, etc. | Seoul |
| Name of publisher, distributor, etc. | The Korean Social Science Research Council |
| Date of publication, distribution, etc. | 2002 |
| 310 ## - CURRENT PUBLICATION FREQUENCY | |
| Current publication frequency | Bi-annually |
| 362 ## - DATES OF PUBLICATION AND/OR SEQUENTIAL DESIGNATION | |
| Dates of publication and/or sequential designation | Vol. 29, No. 2, 2002 - Vol. 31, No. 1, 2004 |
| 520 ## - SUMMARY, ETC. | |
| Summary, etc. | It comprises articles in social science research activities in political, economic, cultural and educational problems in comtemporary Korea |
| 650 ## - SUBJECT ADDED ENTRY--TOPICAL TERM | |
| Topical term or geographic name entry element | Research |
| Withdrawn status | Lost status | Source of classification or shelving scheme | Damaged status | Not for loan | Home library | Current library | Shelving location | Total Checkouts | Full call number | Barcode | Date last seen | Copy number | Price effective from | Koha item type |
|---|---|---|---|---|---|---|---|---|---|---|---|---|---|---|
| Library of Congress Classification | Main Library | Main Library | Serials | KJ1.K6S6J6 | 03682922002 | 08/12/2019 | 1 | 08/12/2019 | Periodical | |||||
| Library of Congress Classification | Main Library | Main Library | Serials | KJ1.K6S6J6 | 03683112004 | 08/12/2019 | 2 | 08/12/2019 | Periodical |